Dead Actors #1 - Statistics

General Stats
  • This quiz has been taken 84 times
  • The average score is 6 of 12
Answer Stats
Picture Answer % Correct
Marilyn Monroe
99%
Robin Williams
96%
Audrey Hepburn
85%
Heath Ledger
78%
Marlon Brando
75%
Rivers Phoenix
55%
Leonard Nimoy
53%
Michael Clarke Duncan
34%
Harold Ramis
29%
Jan Hooks
11%
Phil Hartman
10%
Patrice O'Neal
3%
No matching quizzes found
Score Distribution
Percent of People with Each Score
Percentile by Number Answered
Your Score History
You have not taken this quiz